00805nam a2200229 i 450000100060000000300090000600500170001500700030003200800410003510000390007624500530011525000220016826000560019030000220024649000240026850400320029260000580032483000320038285200220041499900170043695201220045384607ES-MaACL20230906175039.0t|041123s1975 fr ||||1| fre d1 aJankélévitch, Vladimir.96603310aHenri Bergson / cpar Vladimir Jankélévitch. a2éme éd. rev. aParis : bPresses Universitaires de France, c1975. a296 p. ; c22 cm.1 aLes grands penseurs aBibliografía: p. 298-299.14aBergson, Henri-xCrítica e interpretación.9280141 aLes grands penseurs9185684 aES-MaACLjL-11565 c84607d84607 00104070aATENEOMbATENEOMcDEPO2d2008-01-17eSCl0oL-11565p1088420r2023-02-23 00:00:00w2023-02-23yMONOGRAFIA